000
00272nam a22001217a 4500
008
181029b xxu||||| |||| 00| 0 eng d
041
_a
eng
080
_2
4 ed
_a
610
100
_a
3
101
_a
SHM
245
_a
Introduction To Hospilaty
_c
Walker.J.R
942
_2
udc
_c
BK
999
_c
51000
_d
51000